00305nam a2200145Ia 4500008004100000041000800041082000800049100001300057245001700070250000800087260002800095300000800123542001500131650001300146220531s9999 xx 000 0 und d aeng bBAC aBach, R. aOne: A Novel a1ST alondonbpan booksc1988 a284 d28-03-2014 aGeneral